Classic sermons. (Record no. 868)

000 -LEADER
fixed length control field 01034nam a2200241 a 4500
001 - CONTROL NUMBER
control field :::00014047$&:&@@
003 - CONTROL NUMBER IDENTIFIER
control field OkBaRHE
005 - DATE AND TIME OF LATEST TRANSACTION
control field 20110507150655.0
008 - FIXED-LENGTH DATA ELEMENTS--GENERAL INFORMATION
fixed length control field s1992 j 000 0 eng u
020 ## - INTERNATIONAL STANDARD BOOK NUMBER
International Standard Book Number 089276516X
040 ## - CATALOGING SOURCE
Transcribing agency
100 1# - MAIN ENTRY--PERSONAL NAME
Personal name Hagin, Kenneth E., 1917-2003
9 (RLIN) 144
245 10 - TITLE STATEMENT
Title Classic sermons.
260 ## - PUBLICATION, DISTRIBUTION, ETC. (IMPRINT)
Place of publication, distribution, etc Tulsa, Ok., :
Name of publisher, distributor, etc RHEMA Bible Church
Date of publication, distribution, etc 1992
300 ## - PHYSICAL DESCRIPTION
Extent 269 p. ;
Dimensions 22 cm.
650 ## - SUBJECT ADDED ENTRY--TOPICAL TERM
Topical term or geographic name as entry element Faith
9 (RLIN) 146
650 ## - SUBJECT ADDED ENTRY--TOPICAL TERM
Topical term or geographic name as entry element Sermons, pentecostal
9 (RLIN) 156
942 ## - ADDED ENTRY ELEMENTS (KOHA)
Source of classification or shelving scheme
Koha item type Books
Copies
Source of classification or shelving scheme Withdrawn status Permanent Location Date acquired Current Location Koha item type Total Renewals Collection code Not for loan Total Checkouts Price effective from Copy number Full call number Date last seen Barcode Shelving location Date checked out Lost status Damaged status
  RHEMA Bible Training College2010-04-14 Books Reference  2010-04-141BX 8769 .Z6 .H32010-04-1414047General Stacks   
  RHEMA Bible Training College2010-09-29RHEMA Bible Training CollegeBooks14  62010-09-294BX 8769 .Z6 .H3 2015-03-0900021656General Stacks2015-01-12  
  RHEMA Bible Training College2010-09-29RHEMA Bible Training CollegeBooks1  12010-09-292BX 8769 .Z6 .H32011-05-0714651General Stacks2011-04-15  
  RHEMA Bible Training College2010-09-29RHEMA Bible Training CollegeBooks    2010-09-293BX 8769 .Z6 .H32010-09-2914652General Stacks